| 000 | 01625cam a2200337 a 4500 | ||
|---|---|---|---|
| 001 | 4925226 | ||
| 005 | 20020829200617.0 | ||
| 008 | 950515s1996 enka b 001 0 eng | ||
| 010 | _a 95022252 | ||
| 020 | _a0521471575 | ||
| 020 | _a0521477298 (pbk.) | ||
| 040 |
_aDLC _cDLC _dDLC |
||
| 041 | 1 |
_aeng _hdut |
|
| 050 | 0 | 0 |
_aTK7878 _b.K51713 1996 |
| 082 | 0 | 0 |
_220 _a621.381548 _bKLA |
| 100 | 1 |
_aKlaassen, Klaas B., _d1941- _99271 |
|
| 240 | 1 | 0 |
_aElektrotechnisch meten. _lEnglish |
| 245 | 1 | 0 |
_aElectronic Measurement and Instrumentation / _cK.B. Klaassen ; translation from Dutch, S.M. Gee. |
| 260 |
_aCambridge : _bCambridge University Press, _cc1996. |
||
| 300 |
_aviii, 335 p. : _bill. ; _c24 cm. |
||
| 504 | _aIncludes bibliographical references and index. | ||
| 650 | 0 |
_aElectronic measurements. _99272 |
|
| 650 | 0 |
_aElectronic instruments. _99273 |
|
| 700 | 1 |
_aGee, S.M. _99287 |
|
| 856 | 4 | 2 |
_3Publisher description _uhttp://www.loc.gov/catdir/description/cam027/95022252.html |
| 856 | 4 | 1 |
_3Table of contents _uhttp://www.loc.gov/catdir/toc/cam026/95022252.html |
| 942 |
_2ddc _cBB |
||
| 999 |
_c12888 _d12888 |
||